Bartolomé de las Casas: delegado de Cisneros para la reformación de las indias, 1516-1517
Guardat en:
| Autor principal: | |
|---|---|
| Format: | Llibre |
| Idioma: | espanyol |
| Publicat: |
Sevilla
Escuela de Estudios Hispano-Americanos
1953
|
| Col·lecció: | Publicaciones de la Escuela de Estudios Hispano-Americanos de Sevilla, 70
|
| Matèries: | |
| Etiquetes: |
Afegir etiqueta
Sense etiquetes, Sigues el primer a etiquetar aquest registre!
|
MARC
| LEADER | 00000nam a2200000 a 4500 | ||
|---|---|---|---|
| 001 | UCO2786 | ||
| 003 | CL-VaPUC | ||
| 008 | 000608e19530000SP |||||||||||||||||spa|d | ||
| 082 | 0 | 4 | |a 349.8 |b GIM |2 21 |
| 100 | |a Giménez Fernández, Manuel |e author |9 446408 | ||
| 245 | 1 | 0 | |a Bartolomé de las Casas: delegado de Cisneros para la reformación de las indias, 1516-1517 |
| 300 | |a v | ||
| 942 | |c BK | ||
| 945 | |d 20000608 00:00:00 |a rherrera | ||
| 260 | |a Sevilla |b Escuela de Estudios Hispano-Americanos |c 1953 | ||
| 600 | 0 | 7 | |a CASAS, BARTOLOME DE LAS |2 CL-VaPUC |9 266671 |
| 600 | 0 | 7 | |a FERNANDO EL CATOLICO |2 CL-VaPUC |9 442584 |
| 650 | 7 | |a DERECHO CANONICO |2 CL-VaPUC |9 446409 | |
| 650 | 0 | |a Derecho Indiano |9 256266 | |
| 650 | 7 | |a REFORMAS LEGALES |2 CL-VaPUC |9 446410 | |
| 651 | 0 | |a América |9 255182 | |
| 583 | |a last modification |c 20160817 04:51:23 |k Rodrigo Vera | ||
| 490 | 0 | |a Publicaciones de la Escuela de Estudios Hispano-Americanos de Sevilla, 70 | |
| 999 | |c 289281 |d 289279 | ||
| 952 | |0 0 |1 0 |4 0 |6 349_800000000000000_GIM_1953 |7 0 |8 A |9 337546 |a BIBHIS |b BIBHIS |d 2019-11-20 |h v.1 |i 128732K |o 349.8 GIM 1953 |p 128732K |r 2025-01-20 |w 2019-11-20 |y BK |k HIS | ||
| 952 | |0 0 |1 0 |4 0 |6 349_800000000000000_GIM_1953 |7 0 |8 A |9 337547 |a BIBHIS |b BIBHIS |d 2019-11-20 |h v.1 |i 1287338 |o 349.8 GIM 1953 |p 1287338 |r 2025-01-20 |w 2019-11-20 |y BK |k HIS | ||
| 952 | |0 0 |1 0 |4 0 |6 349_800000000000000_GIM_1953 |7 0 |8 A |9 337548 |a BIBHIS |b BIBHIS |d 2019-11-20 |h v.1 |i 1287346 |o 349.8 GIM 1953 |p 1287346 |r 2025-01-20 |w 2019-11-20 |y BK |k HIS | ||